000
00384nam a22001457a 4500
999
_c
534592
_d
534592
020
_a
9788126529803
082
_a
004.6782
100
_a
Sosinkey, Barrie
245
_a
Cloud Computing Bible /
_c
Barrie Sosinkey
260
_a
New Delhi :
_b
Wiley Sons,
_c
2018.
300
_a
497 p.
942
_2
ddc
_c
BK